000 00360 a2200157 4500
001 59797
020 _a9783522176750
040 _cAnchieta - Pituba
100 _aFlegel, Sissi
240 1 0 _aCoole Kusse, Meer & mehr
_lpor
245 1 0 _aCoole Kusse, Meer & mehr
300 _a220
362 0 _a2004
650 4 _aLiteratura juvenil em alemão
942 _cBK
999 _c59797
_d59797